Presidents del Consell de Menorca (Illes Balears) - Estadísticas

Estadísticas generales
  • Esta prueba ha sido intentada 47 veces
    38 desde el último reinicio
  • La puntuación promedio es 8 de 10
Estadísticas de respuestas
Període President/a % Correcto
2015-2017 Maite Salord
95%
1999-2008 Joana Barceló
90%
2017-Actualitat Susana Mora
90%
1979-1983 Francesc Tutzó
86%
1991-1995 Joan Huguet
86%
2008-2011 Marc Pons
86%
1983-1991 Tirs Pons
86%
2011-2015 Santiago Tadeo
81%
1991-1991 Albert Moragues
67%
1995-1999 Cristòfol Triay
67%
No se encontraron pruebas coincidentes
Distribución de puntuación
Porcentaje de gente con cada puntuación
Porcentaje por número respondido
Historial de tus puntuaciones
No has intentado esta prueba desde el último reinicio